000 00465nab a2200145Ia 4500
003 ES-SlBCS
005 20210601125514.0
008 140529s1998 xxu||||| |||| 00| 0 eng d
041 _aeng
100 1 _aLains, Pedro
_9159476
245 0 3 _aAn Account of the Portuguese African Empire, 1885-1975
_c Pedro Lains
650 0 4 _aImperio Portugués-África
_9159477
773 0 _tRevista de Historia Economica
_gvol. 16, nº. 1, 1998, págs. 235-263
_wRev701
942 _cAR
999 _c531390
_d531390